[Event "Women's Speed Chess Main"]
[Site "chess.com INT"]
[Date "2021.06.24"]
[Round "2.27"]
[White "Lagno, Kateryna"]
[Black "Dzagnidze, Nana"]
[Result "0-1"]
[WhiteTitle "GM"]
[BlackTitle "GM"]
[WhiteElo "2558"]
[BlackElo "2524"]
[WhiteFideId "14109336"]
[BlackFideId "13601903"]
[EventDate "2021.06.12"]

1. e4 c5 2. Nc3 d6 3. f4 Nc6 4. Nf3 g6 5. Bb5 Bd7 6. O-O Bg7 7. d3 Nd4 8. Bxd7+
Qxd7 9. Ne2 Rc8 10. c3 Nxf3+ 11. Rxf3 Nf6 12. f5 O-O 13. Qe1 c4 14. Ng3 cxd3 15.
Rxd3 Qb5 16. Qe2 Ng4 17. a4 Qb6+ 18. Kh1 Nf2+ 0-1

[Event "Women's Speed Chess Main"]
[Site "chess.com INT"]
[Date "2021.06.24"]
[Round "2.31"]
[White "Dzagnidze, Nana"]
[Black "Lagno, Kateryna"]
[Result "1/2-1/2"]
[WhiteTitle "GM"]
[BlackTitle "GM"]
[WhiteElo "2524"]
[BlackElo "2558"]
[WhiteFideId "13601903"]
[BlackFideId "14109336"]
[EventDate "2021.06.12"]

1. d4 Nf6 2. Nf3 g6 3. g3 Bg7 4. Bg2 d5 5. O-O O-O 6. c4 dxc4 7. Na3 c5 8. Nxc4
Be6 9. Nce5 cxd4 10. Nxd4 Bd5 11. Nef3 Nc6 12. Bf4 Nxd4 13. Qxd4 Bc6 14. Be5
Qxd4 15. Nxd4 Bxg2 16. Kxg2 Rac8 17. Rac1 a6 18. Nb3 Ne4 19. Bxg7 Kxg7 20. f3
Nd6 21. Kf2 Nc4 22. Rc2 Nd6 23. Rfc1 Rxc2 24. Rxc2 Rc8 25. Rxc8 Nxc8 26. e4 e5
27. Ke3 Kf6 28. Kd3 Nd6 29. Nc5 Ke7 30. a4 a5 31. Kc3 Kd8 32. Nd3 f6 33. b3 Kc7
34. Nb2 Kc6 35. Nc4 Nxc4 36. Kxc4 b6 37. h3 g5 38. g4 h6 39. b4 axb4 40. Kxb4
Kd6 41. Kb5 Kc7 42. Kb4 Kc6 43. Kc4 Kd6 44. Kb5 Kc7 45. Kb4 Kc6 46. Kc4 Kd6 47.
Kb5 1/2-1/2

[Event "Women's Speed Chess Main"]
[Site "chess.com INT"]
[Date "2021.06.24"]
[Round "2.32"]
[White "Lagno, Kateryna"]
[Black "Dzagnidze, Nana"]
[Result "1-0"]
[WhiteTitle "GM"]
[BlackTitle "GM"]
[WhiteElo "2558"]
[BlackElo "2524"]
[WhiteFideId "14109336"]
[BlackFideId "13601903"]
[EventDate "2021.06.12"]

1. e4 c5 2. Nc3 d6 3. f4 Nc6 4. Nf3 g6 5. Bb5 Bd7 6. O-O Bg7 7. d3 Nd4 8. Bxd7+
Qxd7 9. Nxd4 cxd4 10. Ne2 Rc8 11. Bd2 Nh6 12. h3 O-O 13. f5 Kh8 14. g4 Ng8 15.
g5 Rc5 16. Ng3 Qc7 17. Rc1 Rc8 18. Qf3 Be5 19. h4 Rd8 20. h5 Rxc2 21. fxg6 fxg6
22. hxg6 hxg6 23. Qf7 Bxg3 24. Qxg6 Rxc1 25. Rxc1 Qd7 26. Kg2 Bh4 27. Qh5+ Kg7
28. Qxh4 Qe6 29. Rh1 Qg6 30. Qg4 e6 31. Rc1 Rd7 32. Rc8 Rf7 33. Rc1 Ne7 34. Rh1
Ng8 35. Qh3 d5 36. Qh8+ Kf8 37. Rh6 Qg7 38. Qxg7+ Kxg7 39. Rxe6 dxe4 40. Rxe4
Rd7 41. Rxd4 1-0

[Event "Women's Speed Chess Main"]
[Site "chess.com INT"]
[Date "2021.06.24"]
[Round "2.33"]
[White "Dzagnidze, Nana"]
[Black "Lagno, Kateryna"]
[Result "0-1"]
[WhiteTitle "GM"]
[BlackTitle "GM"]
[WhiteElo "2524"]
[BlackElo "2558"]
[WhiteFideId "13601903"]
[BlackFideId "14109336"]
[EventDate "2021.06.12"]

1. c4 Nf6 2. Nf3 g6 3. g3 Bg7 4. Bg2 O-O 5. O-O d5 6. cxd5 Nxd5 7. d4 Nc6 8. Nc3
Nb6 9. d5 Na5 10. e4 c6 11. dxc6 Nxc6 12. Qc2 Bg4 13. Be3 Bxf3 14. Bxf3 Nd4 15.
Qd1 Nc4 16. Bg2 Nxb2 17. Qb1 Nc4 18. Rd1 Qa5 19. Nd5 Ne2+ 20. Kh1 Nxe3 21. Nxe7+
Kh8 22. fxe3 Nc3 23. Qxb7 Nxd1 24. Rxd1 Qxa2 25. Nd5 Rab8 26. Qe7 Rb1 27. Rf1
Rxf1+ 28. Bxf1 Qf2 0-1

[Event "Women's Speed Chess Main"]
[Site "chess.com INT"]
[Date "2021.06.24"]
[Round "2.34"]
[White "Lagno, Kateryna"]
[Black "Dzagnidze, Nana"]
[Result "1-0"]
[WhiteTitle "GM"]
[BlackTitle "GM"]
[WhiteElo "2558"]
[BlackElo "2524"]
[WhiteFideId "14109336"]
[BlackFideId "13601903"]
[EventDate "2021.06.12"]

1. e4 c5 2. Nc3 d6 3. f4 g6 4. Nf3 Bg7 5. Bb5+ Bd7 6. Bc4 Nc6 7. O-O a6 8. a4 e6
9. d3 Nge7 10. Qe1 Nd4 11. Nxd4 cxd4 12. Ne2 O-O 13. Qf2 Qb6 14. Bb3 Qa7 15. Ng3
Kh8 16. h4 d5 17. h5 dxe4 18. Nxe4 Nf5 19. Re1 Bc6 20. hxg6 fxg6 21. Bxe6 Ne3
22. Bxe3 dxe3 23. Qh4 Bxe4 24. dxe4 e2+ 25. Kh1 Qe3 26. f5 gxf5 27. Bxf5 1-0

[Event "Women's Speed Chess Main"]
[Site "chess.com INT"]
[Date "2021.06.24"]
[Round "2.35"]
[White "Dzagnidze, Nana"]
[Black "Lagno, Kateryna"]
[Result "1-0"]
[WhiteTitle "GM"]
[BlackTitle "GM"]
[WhiteElo "2524"]
[BlackElo "2558"]
[WhiteFideId "13601903"]
[BlackFideId "14109336"]
[EventDate "2021.06.12"]

1. d4 Nf6 2. Nf3 g6 3. g3 Bg7 4. Bg2 O-O 5. O-O d5 6. Nbd2 Nbd7 7. b3 c5 8. Bb2
cxd4 9. Bxd4 Re8 10. Bb2 e5 11. e3 b6 12. c4 Bb7 13. Qe2 Qe7 14. Rfd1 Rad8 15.
cxd5 Bxd5 16. Nc4 e4 17. Nd4 a6 18. Rac1 Bb7 19. Ba3 Qe6 20. Nd6 Bf8 21. Nxb7
Bxa3 22. Nxd8 Rxd8 23. Rc6 Qe7 24. Qc2 Bc5 25. Rc7 Qd6 26. Ra7 Ne5 27. Bxe4 a5
28. Bg2 h5 29. Rc1 h4 30. Nb5 Qe6 31. Rd1 Re8 32. Nc7 Qg4 33. Nxe8 Nxe8 34. Ra8
Kf8 35. Rdd8 h3 36. Rxe8+ Kg7 37. Rxe5 hxg2 38. Kxg2 Qd7 39. Qe4 Bd6 40. Ree8
Qc7 41. Qd4+ f6 42. Rg8+ Kf7 43. Qd5+ Ke7 44. Rg7# 1-0

[Event "Women's Speed Chess Main"]
[Site "chess.com INT"]
[Date "2021.06.24"]
[Round "2.36"]
[White "Lagno, Kateryna"]
[Black "Dzagnidze, Nana"]
[Result "1-0"]
[WhiteTitle "GM"]
[BlackTitle "GM"]
[WhiteElo "2558"]
[BlackElo "2524"]
[WhiteFideId "14109336"]
[BlackFideId "13601903"]
[EventDate "2021.06.12"]

1. e4 c5 2. Nc3 d6 3. f4 g6 4. Nf3 Bg7 5. Bb5+ Bd7 6. Bc4 Nc6 7. O-O e6 8. d3
Nge7 9. Qe1 Nd4 10. Nxd4 cxd4 11. Ne2 O-O 12. Bb3 b5 13. Qf2 Qb6 14. Ng3 Kh8 15.
h4 f5 16. h5 Rae8 17. Bd2 Ng8 18. Rae1 Nf6 19. Qf3 Bc6 20. Re2 Qb7 21. Rfe1 Bh6
22. hxg6 hxg6 23. Qf1 fxe4 24. dxe4 e5 25. f5 Bxd2 26. Rxd2 Nxe4 27. Nxe4 Bxe4
28. g4 Kg7 29. Rf2 gxf5 30. gxf5 Kf6 31. Qe2 Rg8+ 32. Bxg8 Rxg8+ 33. Kf1 d5 34.
Qh5 Qg7 35. Qh4+ Qg5 36. Rxe4 dxe4 37. Qxe4 Qg1+ 38. Ke2 Qg4+ 39. Kd3 Qxe4+ 40.
Kxe4 Rg4+ 41. Kd5 Rf4 42. Rxf4 exf4 43. Ke4 Kg5 44. f6 Kxf6 45. Kxf4 Ke6 46. Ke4
Kd6 47. Kxd4 Kc6 48. b3 a6 49. c4 Kd6 50. c5+ Kc6 51. b4 1-0

[Event "Women's Speed Chess Main"]
[Site "chess.com INT"]
[Date "2021.06.24"]
[Round "2.37"]
[White "Dzagnidze, Nana"]
[Black "Lagno, Kateryna"]
[Result "1-0"]
[WhiteTitle "GM"]
[BlackTitle "GM"]
[WhiteElo "2524"]
[BlackElo "2558"]
[WhiteFideId "13601903"]
[BlackFideId "14109336"]
[EventDate "2021.06.12"]

1. Nf3 Nf6 2. g3 g6 3. Bg2 Bg7 4. O-O O-O 5. d4 d5 6. b3 c5 7. Bb2 Ne4 8. c4
dxc4 9. bxc4 Nc6 10. e3 Nd6 11. Nbd2 Na5 12. Qe2 Be6 13. Rfc1 Rc8 14. Ne5 cxd4
15. exd4 Nf5 16. d5 Bd7 17. Ndf3 Ba4 18. g4 Nd6 19. c5 Bb5 20. Qe1 Ndc4 21. Nxc4
Nxc4 22. Bxg7 Kxg7 23. Rxc4 Bxc4 24. Qc3+ f6 25. Qxc4 Qa5 26. Nd4 Rfe8 27. Ne6+
Kh8 28. g5 Qa3 29. Qd4 b6 30. gxf6 bxc5 31. Qe5 Kg8 32. f7+ 1-0

[Event "Women's Speed Chess Main"]
[Site "chess.com INT"]
[Date "2021.06.24"]
[Round "2.38"]
[White "Lagno, Kateryna"]
[Black "Dzagnidze, Nana"]
[Result "0-1"]
[WhiteTitle "GM"]
[BlackTitle "GM"]
[WhiteElo "2558"]
[BlackElo "2524"]
[WhiteFideId "14109336"]
[BlackFideId "13601903"]
[EventDate "2021.06.12"]

1. e4 c5 2. Nc3 d6 3. f4 g6 4. Nf3 Bg7 5. Bb5+ Nc6 6. Bxc6+ bxc6 7. d3 Nf6 8.
O-O O-O 9. Qe1 Rb8 10. Na4 Bg4 11. Nd2 Bc8 12. Qh4 e6 13. Rb1 Nd7 14. Qxd8 Rxd8
15. Nc4 Nb6 16. Naxb6 axb6 17. e5 dxe5 18. Nxe5 Bb7 19. a3 Rd5 20. Bd2 f6 21.
Nf3 Ba6 22. Rfe1 Kf7 23. Bc3 c4 24. d4 Bf8 25. Re2 c5 26. Rbe1 Re8 27. g4 h6 28.
h4 Bb7 29. g5 hxg5 30. hxg5 Rf5 31. Nh4 Rxf4 32. Ng2 Rg4 33. gxf6 cxd4 34. Bd2
Bc5 35. Kf1 d3 36. cxd3 cxd3 37. Re3 Bxg2+ 0-1

[Event "Women's Speed Chess Main"]
[Site "chess.com INT"]
[Date "2021.06.25"]
[Round "2.11"]
[White "Assaubayeva, Bibisara"]
[Black "Hou, Yifan"]
[Result "1-0"]
[WhiteTitle "IM"]
[BlackTitle "GM"]
[WhiteElo "2389"]
[BlackElo "2658"]
[WhiteFideId "13708694"]
[BlackFideId "8602980"]
[EventDate "2021.06.12"]

1. d4 Nf6 2. c4 e6 3. Nf3 b6 4. a3 Bb7 5. Bf4 Be7 6. e3 O-O 7. Nc3 Ne4 8. Nxe4
Bxe4 9. Bd3 f5 10. Bxe4 fxe4 11. Nd2 Nc6 12. Nxe4 d5 13. Nc3 dxc4 14. Qg4 Kh8
15. Rd1 Bd6 16. Bxd6 Qxd6 17. O-O Rad8 18. d5 exd5 19. Rxd5 Qf6 20. Qxc4 Ne5 21.
Qxc7 Nf3+ 22. Kh1 Rxd5 23. Nxd5 Qf5 24. Qf4 Nd2 25. Qxf5 Rxf5 26. Rc1 1-0

[Event "Women's Speed Chess Main"]
[Site "chess.com INT"]
[Date "2021.06.25"]
[Round "2.12"]
[White "Hou, Yifan"]
[Black "Assaubayeva, Bibisara"]
[Result "1-0"]
[WhiteTitle "GM"]
[BlackTitle "IM"]
[WhiteElo "2658"]
[BlackElo "2389"]
[WhiteFideId "8602980"]
[BlackFideId "13708694"]
[EventDate "2021.06.12"]

1. e4 e5 2. Nf3 Nc6 3. Bb5 a6 4. Ba4 d6 5. O-O Bd7 6. c3 g6 7. d4 Bg7 8. Re1 Nf6
9. h3 O-O 10. Bc2 Nh5 11. Bg5 Qe8 12. Be3 Kh8 13. dxe5 dxe5 14. Bc5 Rg8 15. Nbd2
Nf4 16. Be3 Qe7 17. a4 g5 18. Nh2 Qf6 19. Ndf1 Rad8 20. Qf3 Ne7 21. Ng3 Neg6 22.
Nf5 h5 23. Bxf4 Nxf4 24. Nf1 Bf8 25. N1e3 Bc5 26. Nd5 Nxd5 27. Qxh5+ 1-0

[Event "Women's Speed Chess Main"]
[Site "chess.com INT"]
[Date "2021.06.25"]
[Round "2.13"]
[White "Assaubayeva, Bibisara"]
[Black "Hou, Yifan"]
[Result "0-1"]
[WhiteTitle "IM"]
[BlackTitle "GM"]
[WhiteElo "2389"]
[BlackElo "2658"]
[WhiteFideId "13708694"]
[BlackFideId "8602980"]
[EventDate "2021.06.12"]

1. d4 Nf6 2. c4 e6 3. Nf3 b6 4. a3 Ba6 5. Qc2 Bb7 6. Nc3 c5 7. d5 exd5 8. cxd5
Nxd5 9. Nxd5 Bxd5 10. e4 Be6 11. Bd3 Be7 12. O-O Nc6 13. e5 Bg4 14. Be4 Qc7 15.
Bf4 Bxf3 16. Bxf3 Nd4 17. Qd3 Nxf3+ 18. Qxf3 Qc6 19. Qg3 O-O 20. Rad1 Rad8 21.
Rd3 f6 22. Rfd1 Rf7 23. exf6 Qxf6 24. Be5 Qh6 25. Bc7 Bh4 26. Qg4 Bxf2+ 27. Kh1
Rdf8 28. Rxd7 Bg3 0-1

[Event "Women's Speed Chess Main"]
[Site "chess.com INT"]
[Date "2021.06.25"]
[Round "2.14"]
[White "Hou, Yifan"]
[Black "Assaubayeva, Bibisara"]
[Result "0-1"]
[WhiteTitle "GM"]
[BlackTitle "IM"]
[WhiteElo "2658"]
[BlackElo "2389"]
[WhiteFideId "8602980"]
[BlackFideId "13708694"]
[EventDate "2021.06.12"]

1. e4 e5 2. Nf3 Nc6 3. Bb5 a6 4. Ba4 d6 5. O-O Bd7 6. c3 g6 7. d4 Bg7 8. h3 Nf6
9. Bc2 O-O 10. Re1 Nh5 11. Be3 Qe8 12. Nbd2 Kh8 13. dxe5 dxe5 14. Bc5 Rg8 15.
Nf1 Nf4 16. Ne3 Rd8 17. Nd5 Be6 18. c4 b6 19. Be3 Nb4 20. a3 Nxc2 21. Qxc2 Bxd5
22. cxd5 Qe7 23. g3 Nh5 24. Rac1 Rd7 25. Qc6 Rf8 26. Bd2 a5 27. b4 Nf6 28. bxa5
bxa5 29. Qc5 Qxc5 30. Rxc5 Ne8 31. Bxa5 f5 32. exf5 Rxf5 33. Nd4 exd4 34. Rxe8+
Rf8 35. Re1 d3 36. Rxc7 Rxd5 37. Bb4 d2 38. Rd1 Rfd8 39. Rxd2 Rxd2 40. Bxd2 Be5
41. Rc2 Rd3 42. Bb4 Kg7 43. Kf1 Rb3 44. Ke2 Bb2 45. Rc7+ Kg8 46. Ra7 Bd4 47. Rd7
Rb2+ 48. Bd2 Bc5 49. Rg7+ Kxg7 0-1

[Event "Women's Speed Chess Main"]
[Site "chess.com INT"]
[Date "2021.06.25"]
[Round "2.15"]
[White "Assaubayeva, Bibisara"]
[Black "Hou, Yifan"]
[Result "0-1"]
[WhiteTitle "IM"]
[BlackTitle "GM"]
[WhiteElo "2389"]
[BlackElo "2658"]
[WhiteFideId "13708694"]
[BlackFideId "8602980"]
[EventDate "2021.06.12"]

1. d4 Nf6 2. c4 e6 3. Nf3 b6 4. g3 Bb4+ 5. Bd2 a5 6. Bg2 Bb7 7. O-O O-O 8. Nc3
d6 9. Rc1 Nbd7 10. Nb5 Bxd2 11. Nxd2 Bxg2 12. Kxg2 e5 13. e3 e4 14. f3 Re8 15.
fxe4 Nxe4 16. Nxe4 Rxe4 17. Qf3 Nf6 18. Nc3 Re7 19. e4 Qe8 20. Rce1 Qc6 21. Nd5
Nxd5 22. cxd5 Qa4 23. e5 Rae8 24. e6 fxe6 25. Rxe6 Qd7 26. Rfe1 Rxe6 27. dxe6
Rxe6 28. Qd5 Kf7 29. Rf1+ Ke7 30. Qg5+ Ke8 31. d5 Re2+ 32. Kf3 Qe7 33. Qxe7+
Rxe7 34. Rc1 Kd7 35. Rc4 Re5 36. Rd4 g6 37. h4 Rf5+ 38. Ke3 Re5+ 39. Kf3 b5 40.
b3 c5 41. dxc6+ Kxc6 42. Rd2 Kc5 43. Kf4 Re6 44. Rc2+ Kb4 45. Rc7 h5 46. Rb7 d5
47. Rd7 Re2 48. Rxd5 Rxa2 49. Rg5 Rb2 50. Rxg6 Rxb3 51. Rg5 a4 52. Rxh5 a3 53.
Rh8 a2 54. Ra8 Ra3 0-1

[Event "Women's Speed Chess Main"]
[Site "chess.com INT"]
[Date "2021.06.25"]
[Round "2.16"]
[White "Hou, Yifan"]
[Black "Assaubayeva, Bibisara"]
[Result "1-0"]
[WhiteTitle "GM"]
[BlackTitle "IM"]
[WhiteElo "2658"]
[BlackElo "2389"]
[WhiteFideId "8602980"]
[BlackFideId "13708694"]
[EventDate "2021.06.12"]

1. e4 c5 2. Nf3 d6 3. d4 cxd4 4. Qxd4 Nf6 5. Be2 Nc6 6. Qe3 g6 7. h3 Bg7 8. O-O
O-O 9. c4 Nd7 10. Nc3 Nc5 11. Rd1 Ne6 12. b3 Qa5 13. Bb2 Qc5 14. Qd2 Ned4 15.
Nxd4 Bxd4 16. Nd5 Bxb2 17. Qxb2 a5 18. a3 Be6 19. b4 Qa7 20. b5 Bxd5 21. cxd5
Ne5 22. b6 Qb8 23. Rac1 Rc8 24. Qb5 g5 25. Qb2 Rc5 26. Rxc5 dxc5 27. Qd2 h6 28.
h4 f6 29. hxg5 hxg5 30. d6 Qxd6 31. Qa2+ Kg7 32. Rxd6 exd6 33. Qe6 1-0

[Event "Women's Speed Chess Main"]
[Site "chess.com INT"]
[Date "2021.06.25"]
[Round "2.17"]
[White "Assaubayeva, Bibisara"]
[Black "Hou, Yifan"]
[Result "1/2-1/2"]
[WhiteTitle "IM"]
[BlackTitle "GM"]
[WhiteElo "2389"]
[BlackElo "2658"]
[WhiteFideId "13708694"]
[BlackFideId "8602980"]
[EventDate "2021.06.12"]

1. d4 Nf6 2. c4 e6 3. Nc3 Bb4 4. Qc2 d5 5. Nf3 O-O 6. cxd5 exd5 7. Bg5 h6 8. Bh4
c5 9. e3 Nc6 10. a3 Bxc3+ 11. bxc3 c4 12. Be2 g5 13. Bg3 Ne4 14. Bxc4 dxc4 15.
Qxe4 Qa5 16. Qc2 Bf5 17. Qb2 Bd3 18. h4 g4 19. Ne5 Nxe5 20. Bxe5 Rae8 21. Bd6
Qd5 22. Bxf8 Kxf8 23. Rg1 Re6 24. Qb4+ Kg7 25. Qc5 Qd7 26. d5 Re5 27. Qd4 f6 28.
d6 Rb5 29. f3 Rb2 30. Qxg4+ Qxg4 31. fxg4 Re2+ 32. Kd1 Kf7 33. Rb1 b6 34. Rb5
Ra2 35. d7 Ke7 36. Rd5 Kd8 37. Re1 Ra1+ 38. Kd2 Ra2+ 39. Kc1 Ra1+ 40. Kd2 Ra2+
41. Kd1 Ra1+ 42. Kd2 1/2-1/2

[Event "Women's Speed Chess Main"]
[Site "chess.com INT"]
[Date "2021.06.25"]
[Round "2.21"]
[White "Hou, Yifan"]
[Black "Assaubayeva, Bibisara"]
[Result "1-0"]
[WhiteTitle "GM"]
[BlackTitle "IM"]
[WhiteElo "2658"]
[BlackElo "2389"]
[WhiteFideId "8602980"]
[BlackFideId "13708694"]
[EventDate "2021.06.12"]

1. e4 e5 2. Nf3 Nc6 3. Bc4 Nf6 4. O-O Bc5 5. d3 O-O 6. h3 h6 7. Re1 d6 8. c3 a6
9. a4 Re8 10. Nbd2 Be6 11. Bxe6 Rxe6 12. b4 Bb6 13. Nc4 Ba7 14. Qc2 Qd7 15. Be3
Bxe3 16. Nxe3 Ne7 17. Rad1 Ng6 18. Nf5 Rae8 19. g3 d5 20. c4 dxe4 21. dxe4 Qc8
22. c5 Ne7 23. Ne3 Nh7 24. h4 b6 25. Rd2 Qb7 26. Red1 Nc6 27. b5 axb5 28. axb5
Nb4 29. c6 Qa7 30. Qb3 Qa5 31. Rb2 Qxb5 32. Qxb4 Qxc6 33. Rc2 Qb7 34. Nd5 c6 35.
Qxb6 Qxb6 36. Nxb6 Nf6 37. Re1 1-0

[Event "Women's Speed Chess Main"]
[Site "chess.com INT"]
[Date "2021.06.25"]
[Round "2.22"]
[White "Assaubayeva, Bibisara"]
[Black "Hou, Yifan"]
[Result "1/2-1/2"]
[WhiteTitle "IM"]
[BlackTitle "GM"]
[WhiteElo "2389"]
[BlackElo "2658"]
[WhiteFideId "13708694"]
[BlackFideId "8602980"]
[EventDate "2021.06.12"]

1. d4 Nf6 2. c4 e6 3. Nf3 b6 4. a3 Bb7 5. Bf4 Be7 6. e3 O-O 7. Nc3 Ne4 8. Nxe4
Bxe4 9. Bd3 Bxd3 10. Qxd3 f5 11. O-O d6 12. h3 Nd7 13. e4 e5 14. dxe5 dxe5 15.
Qd5+ Kh8 16. Nxe5 Nxe5 17. Bxe5 fxe4 18. Qxe4 Bf6 19. Bxf6 Qxf6 20. b4 Rae8 21.
Qg4 Rd8 22. Rad1 Rxd1 23. Qxd1 Qc3 24. Qc1 Qd4 25. c5 h6 26. cxb6 cxb6 27. Qc7
a6 28. Qb7 a5 29. Qe7 Rf6 30. bxa5 bxa5 31. Qe8+ Kh7 32. Qb5 a4 33. Qb1+ Kh8 34.
Qc2 Rf8 35. Re1 Qf4 36. Re3 Qd4 37. g3 Qa1+ 38. Kg2 Qd4 39. Qe4 Qb2 40. Rf3 Rxf3
41. Qxf3 Qb3 42. h4 Kg8 43. h5 Qc4 44. Qa8+ Kf7 45. Qb7+ Kf6 46. Qf3+ Ke7 47.
Qe3+ Kf7 48. f3 Qd5 49. g4 Qa2+ 50. Kg3 Qb3 51. Qf4+ Ke7 52. Qe4+ Kf7 53. Qf4+
Kg8 54. Qd6 Qc4 55. Qe7 Qb3 56. Qe8+ Kh7 57. Qg6+ Kg8 58. Qe8+ Kh7 59. Qg6+ Kg8
60. Qd6 Kf7 61. Qd7+ Kg8 62. Qe8+ 1/2-1/2

[Event "Women's Speed Chess Main"]
[Site "chess.com INT"]
[Date "2021.06.25"]
[Round "2.23"]
[White "Hou, Yifan"]
[Black "Assaubayeva, Bibisara"]
[Result "0-1"]
[WhiteTitle "GM"]
[BlackTitle "IM"]
[WhiteElo "2658"]
[BlackElo "2389"]
[WhiteFideId "8602980"]
[BlackFideId "13708694"]
[EventDate "2021.06.12"]

1. e4 c5 2. Nf3 d6 3. d4 cxd4 4. Qxd4 a6 5. h3 Nc6 6. Qe3 g6 7. c4 Bg7 8. Nc3
Nf6 9. Be2 O-O 10. O-O Be6 11. Rd1 Qc7 12. Bd2 Nd7 13. Rac1 Nde5 14. Ng5 Qd8 15.
Nd5 h6 16. Nxe6 fxe6 17. Nf4 Rf6 18. Bc3 Qf8 19. Nd3 h5 20. Nxe5 dxe5 21. Qg3
Bh6 22. Rc2 Bf4 23. Qh4 Qh6 24. c5 Raf8 25. f3 g5 26. Qe1 Nd4 27. Bxd4 exd4 28.
Bc4 Be3+ 29. Kh1 Kh8 30. Re2 g4 31. Rxe3 Qxe3 32. Qh4 gxf3 33. Qxh5+ Rh6 34.
Qe5+ Rff6 35. Qb8+ Kg7 36. Qg3+ Rhg6 0-1

[Event "Women's Speed Chess Main"]
[Site "chess.com INT"]
[Date "2021.06.25"]
[Round "2.24"]
[White "Assaubayeva, Bibisara"]
[Black "Hou, Yifan"]
[Result "1-0"]
[WhiteTitle "IM"]
[BlackTitle "GM"]
[WhiteElo "2389"]
[BlackElo "2658"]
[WhiteFideId "13708694"]
[BlackFideId "8602980"]
[EventDate "2021.06.12"]

1. d4 Nf6 2. c4 e6 3. Nf3 b6 4. g3 Bb4+ 5. Bd2 a5 6. Bg2 Bb7 7. O-O O-O 8. Bf4
Be7 9. Nc3 Ne4 10. Rc1 Nxc3 11. Rxc3 Be4 12. Nd2 Bxg2 13. Kxg2 Bf6 14. Nf3 Nc6
15. Rc1 g5 16. Be3 g4 17. Ne1 Bg7 18. d5 Ne5 19. f4 gxf3+ 20. exf3 exd5 21. Qxd5
Re8 22. Bf4 c6 23. Qd2 d5 24. cxd5 Qxd5 25. Qxd5 cxd5 26. Bxe5 Rxe5 27. Nd3 Re3
28. Nf4 Bxb2 29. Rb1 Be5 30. Nxd5 Re2+ 31. Rf2 Rxf2+ 32. Kxf2 Rd8 33. Ne7+ Kg7
34. Nc6 Bd6 35. Nxd8 1-0

[Event "Women's Speed Chess Main"]
[Site "chess.com INT"]
[Date "2021.06.25"]
[Round "2.25"]
[White "Hou, Yifan"]
[Black "Assaubayeva, Bibisara"]
[Result "0-1"]
[WhiteTitle "GM"]
[BlackTitle "IM"]
[WhiteElo "2658"]
[BlackElo "2389"]
[WhiteFideId "8602980"]
[BlackFideId "13708694"]
[EventDate "2021.06.12"]

1. e4 e5 2. Nf3 Nc6 3. Bc4 Nf6 4. d3 Bc5 5. O-O O-O 6. h3 h6 7. Re1 d6 8. c3 a5
9. Bb3 Re8 10. Nbd2 Be6 11. Ba4 Qb8 12. Nf1 b5 13. Bc2 Qa7 14. Be3 Bxe3 15. Nxe3
a4 16. d4 exd4 17. cxd4 Nb4 18. Bb1 a3 19. b3 c5 20. Qd2 d5 21. exd5 Nbxd5 22.
dxc5 Qxc5 23. Bd3 b4 24. Nxd5 Bxd5 25. Rxe8+ Rxe8 26. Rc1 Qb6 27. Nd4 g6 28. Qf4
Be4 29. Bxe4 Rxe4 30. Qxh6 Qxd4 31. Rc8+ Re8 0-1

[Event "Women's Speed Chess Main"]
[Site "chess.com INT"]
[Date "2021.06.25"]
[Round "2.26"]
[White "Assaubayeva, Bibisara"]
[Black "Hou, Yifan"]
[Result "0-1"]
[WhiteTitle "IM"]
[BlackTitle "GM"]
[WhiteElo "2389"]
[BlackElo "2658"]
[WhiteFideId "13708694"]
[BlackFideId "8602980"]
[EventDate "2021.06.12"]

1. d4 Nf6 2. c4 e6 3. Nf3 b6 4. g3 Bb4+ 5. Bd2 a5 6. Bg2 Bb7 7. O-O O-O 8. Bf4
Be7 9. Nc3 Ne4 10. Rc1 Nxc3 11. Rxc3 Be4 12. Ne1 Bxg2 13. Kxg2 d5 14. cxd5 Qxd5+
15. Nf3 Na6 16. a3 g5 17. Bxc7 g4 18. Be5 Rac8 19. Qd3 gxf3+ 20. exf3 Nb8 21.
Rfc1 Rxc3 22. bxc3 Nd7 23. Bf4 Bf6 24. Rb1 Rc8 25. Bd2 Bg7 26. Kg1 h6 27. f4 Nc5
28. Qe2 Qe4 29. Qd1 Nd7 30. Be1 Rc6 31. Rc1 Bf8 32. Qb3 Qd3 33. Rd1 Qc4 34. Qb2
Qa4 35. Ra1 Nf6 36. Qe2 Qc4 37. Qe3 Nd5 38. Qf3 Nxc3 39. Qg4+ Bg7 40. f5 Qe2 0-1

[Event "Women's Speed Chess Main"]
[Site "chess.com INT"]
[Date "2021.06.25"]
[Round "2.27"]
[White "Hou, Yifan"]
[Black "Assaubayeva, Bibisara"]
[Result "1/2-1/2"]
[WhiteTitle "GM"]
[BlackTitle "IM"]
[WhiteElo "2658"]
[BlackElo "2389"]
[WhiteFideId "8602980"]
[BlackFideId "13708694"]
[EventDate "2021.06.12"]

1. e4 e5 2. Nf3 Nc6 3. Bb5 a6 4. Ba4 d6 5. O-O Bd7 6. c3 g6 7. d4 Bg7 8. h3 Nf6
9. Nbd2 O-O 10. Bc2 Nh5 11. Re1 Qe8 12. Nf1 Kh8 13. dxe5 Nxe5 14. Nxe5 dxe5 15.
Ne3 Nf4 16. b3 Rd8 17. Ba3 Bxh3 18. Qf3 Be6 19. Bxf8 Qxf8 20. Rad1 Re8 21. Nd5
Nxd5 22. exd5 Bd7 23. d6 c6 24. Qe3 f5 25. Qb6 e4 26. Qxb7 Rd8 27. Qxa6 Bxc3 28.
Re3 Be5 29. Qa5 Qf6 30. Bxe4 fxe4 31. Rxe4 Bc3 32. Qc7 Bf5 33. Re7 Rf8 34. d7
Bxd7 35. Qxd7 Qxf2+ 36. Kh1 Qh4+ 37. Qh3 Qxe7 38. Qxc3+ Kg8 39. Qc4+ Kg7 40.
Qd4+ Kg8 41. Qc4+ Kg7 42. Qd4+ Kg8 43. Qc4+ 1/2-1/2

[Event "Women's Speed Chess Main"]
[Site "chess.com INT"]
[Date "2021.06.25"]
[Round "2.31"]
[White "Assaubayeva, Bibisara"]
[Black "Hou, Yifan"]
[Result "0-1"]
[WhiteTitle "IM"]
[BlackTitle "GM"]
[WhiteElo "2389"]
[BlackElo "2658"]
[WhiteFideId "13708694"]
[BlackFideId "8602980"]
[EventDate "2021.06.12"]

1. d4 e6 2. c4 b6 3. e4 Bb7 4. Bd3 Bb4+ 5. Kf1 Be7 6. Nc3 d6 7. Nf3 Nd7 8. g3
Bf6 9. Kg2 Ne7 10. Be3 c5 11. d5 Bxc3 12. bxc3 O-O 13. Qd2 h6 14. h4 f5 15. Rae1
fxe4 16. Bxe4 Nf6 17. Bxh6 Nxe4 18. Rxe4 exd5 19. Rg4 Nf5 20. Bg5 Qd7 21. cxd5
Ne3+ 22. Qxe3 Qxg4 23. Rd1 Rae8 24. Qd3 c4 25. Nh2 Qxg5 0-1